A matter of style? : organizational agency in global public policy /

Bibliographic Details
Main Authors: Bayerlein, Louisa, 1991- (Author), Knill, Christoph (Author), Steinebach, Yves, 1987- (Author)
Corporate Author: Cambridge University Press
Format: eBook
Language:English
Published: Cambridge, United Kingdom ; New York, NY : Cambridge University Press, 2020.
Series:Cambridge studies in comparative public policy.
Subjects:
Online Access:Connect to the full text of this electronic book

MARC

Tag First Indicator Second Indicator Subfields
LEADER 00000cam a2200000 i 4500
001 in00004220421
005 20201021160124.0
006 m o d
007 cr |||||||||||
008 200307t20202020enka ob 001 0 eng
010 |a  2019058109 
020 |a 9781108864671  |q electronic book 
020 |a 1108864678  |q electronic book 
020 |z 9781108836371  |q hardcover 
024 8 |a 40030015361 
035 |a (DLC)ybp300984839 
040 |a NhCcYBP  |c NhCcYBP  |d UtOrBLW 
042 |a pcc 
050 4 |a JZ4850  |b .B39 2020 
082 0 0 |a 352.3/4211  |2 23 
100 1 |a Bayerlein, Louisa,  |d 1991-  |e author.  |0 http://id.loc.gov/authorities/names/no2020042042 
245 1 2 |a A matter of style? :  |b organizational agency in global public policy /  |c Louisa Bayerlein, Christoph Knill, Yves Steinebach. 
264 1 |a Cambridge, United Kingdom ;  |a New York, NY :  |b Cambridge University Press,  |c 2020. 
264 4 |c ©2020 
300 |a 1 online resource. 
336 |a text  |b txt  |2 rdacontent 
337 |a computer  |b c  |2 rdamedia 
338 |a online resource  |b cr  |2 rdacarrier 
490 1 |a Cambridge studies in comparative public policy 
504 |a Includes bibliographical references and index. 
505 0 |a Introduction: Of illusory giants and dwarfs : do international public administrations matter for policy making beyond the nation-state? -- Conceptualizing and explaining bureaucratic influence : administrative styles -- Observing and explaining administrative styles : from concept to empirical analysis -- The IMF and the UNHCR : entrepreneurial administrations with different levels of formal autonomy -- The IOM and the FAO as consolidators : struggles of the challenger and the challenged -- Advocacy at UNEP and the WHO : how expertise and common beliefs shape an administrative style -- NATO and the ILO as servants : the dedicated steward and the saturated dinosaur -- Conclusion -- real dwarfs, illusory dwarfs, or even giants? International public administrations as actors in global governance. 
588 |a Description based on online resource; title from digital title page (viewed on July 15, 2020). 
500 |a Electronic resource. 
650 0 |a International agencies  |x Administration. 
650 0 |a International organization.  |0 http://id.loc.gov/authorities/subjects/sh85067432 
650 0 |a Political planning.  |0 http://id.loc.gov/authorities/subjects/sh85104377 
650 0 |a Management.  |0 http://id.loc.gov/authorities/subjects/sh85080336 
655 7 |a Electronic books.  |2 local 
700 1 |a Knill, Christoph,  |e author.  |0 http://id.loc.gov/authorities/names/n96062627 
700 1 |a Steinebach, Yves,  |d 1987-  |e author.  |0 http://id.loc.gov/authorities/names/no2020041730 
710 2 |a Cambridge University Press.  |0 http://id.loc.gov/authorities/names/n50059133 
776 1 8 |i Print version:  |a Bayerlein, Louisa, 1991-  |t A matter of style?  |d Cambridge ; New York, NY : Cambridge University Press, 2020.  |z 9781108836371  |w (DLC) 2019058108 
830 0 |a Cambridge studies in comparative public policy.  |0 http://id.loc.gov/authorities/names/no2016119208 
856 4 0 |u http://proxy.library.tamu.edu/login?url=https://doi.org/10.1017/9781108864671  |z Connect to the full text of this electronic book  |t 0 
955 |a YBP purchased approval e-records 
980 |b 140.00  |g 1 
999 f f |s befe22ff-62db-3a1a-9603-259b18b0a7e3  |i 7231761e-8b54-3005-8a9a-c151b137c75a  |t 0 
952 f f |a Texas A&M University  |b College Station  |c Electronic Resources  |d Available Online  |t 0  |e JZ4850 .B39 2020  |h Library of Congress classification 
998 f f |a JZ4850 .B39 2020  |t 0  |l Available Online